000 00409nam a2200157Ia 4500
008 210210b2002 xxu||||| |||| 00| 0 eng d
020 _a81 219 0053 0
082 _a621.38 SINP
100 _aSINGH (Anokh).
245 _aPrinciples of communication engineering. Ed 1.
250 _a
260 _aNew Delhi.
_bS. Chand & Co. Ltd.
_c2002
300 _avii,607
690 _aCommunication
906 _a057256
999 _c104679
_d104679